Statistics for Computer Storage Sizes

Click here to take the quiz!

General Stats

  • This quiz has been taken 2,365 times
  • The average score is 7 of 11

Answer Stats

BytesAnswer% Correct
1,018,576Megabyte
98%
1,073,741,824Gigabyte
97%
1,099,511,627,776Terabyte
94%
1Byte
93%
1,024Kilobyte
90%
0.125Bit
77%
1,125,899,906,842,624Petabyte
62%
1,152,921,504,606,846,976Exabyte
33%
0.5Nibble
30%
1,208,925,819,614,629,174,706,176Yottabyte
29%
1,180,591,620,717,411,303,424Zettabyte
25%

Score Distribution

Percentile by Number Answered

Percent of People with Each Score

Your Score History

You have not taken this quiz